000 00990nam a2200217Ia 4500
003 OSt
005 20200709145144.0
008 191128s1964 ck gr 000 0 spa d
040 _aCO-JMCR
_cCO-JMCR
041 0 _aspa
082 0 4 _a330.986 /
_bF221c
_223
100 1 _aSojo, Jose Raimundo,
_eautor
_96939
245 1 0 _aCríticas y conceptos sobre política económica :
_b1962-1964 /
_cJose Raimundo Sojo
260 _aBogotá :
_bFederación Nacional de Comerciantes,
_c1964.
300 _a254 páginas
_c22 cm.
505 0 _aPolítica tributaria y fiscal -- Comercio, distribución y ventas -- Precios y mercados -- Política de moneda y crédito -- Política cambiaria y de comercio exterior -- El contrabando y los puertos libres -- La intervención del estado y el sector privado
650 1 4 _aEconomía
_y1962-1964
_zColombia
_96940
650 2 4 _aCondiciones económicas
_y1962-1964
_zColombia
_96941
650 2 4 _aPolítica económica
_y1962-1964
_zColombia
_96942
942 _2ddc
_cBK
999 _c4357
_d4357